UM Logo

Comprehensive Agrarian Reform Program (CARP): (Record no. 5911)

MARC details
000 -LEADER
fixed length control field 00584nam a2200157 4500
008 - FIXED-LENGTH DATA ELEMENTS--GENERAL INFORMATION
fixed length control field 161129b xxu||||| |||| 00| 0 eng d
022 ## - INTERNATIONAL STANDARD SERIAL NUMBER
International Standard Serial Number 16551516
082 ## - DEWEY DECIMAL CLASSIFICATION NUMBER
Classification number DPer 330.5 P53 June-Dec 2014 V. 51, n. 1 & 2
100 ## - MAIN ENTRY--PERSONAL NAME
9 (RLIN) 17907
Personal name Fabella, Raul V.
245 ## - TITLE STATEMENT
Title Comprehensive Agrarian Reform Program (CARP):
Remainder of title time to let go/
Statement of responsibility, etc. Raul V. Fabella.
260 ## - PUBLICATION, DISTRIBUTION, ETC. (IMPRINT)
Place of publication, distribution, etc. Philippines:
Name of publisher, distributor, etc. UP School of Economics/ The Phil. Economic Society,
Date of publication, distribution, etc. ©2014.
300 ## - PHYSICAL DESCRIPTION
Extent V51 n1, pages 1-18;
Dimensions 24 cm.
500 ## - GENERAL NOTE
General note Philippine review of economics.
650 #0 - SUBJECT ADDED ENTRY--TOPICAL TERM
9 (RLIN) 17908
Topical term or geographic name as entry element Land reform
942 ## - ADDED ENTRY ELEMENTS (KOHA)
Source of classification or shelving scheme Dewey Decimal Classification
Koha item type Periodicals
Holdings
Withdrawn status Lost status Source of classification or shelving scheme Damaged status Not for loan Collection code Home library Current library Date acquired Total Checkouts Full call number Date last seen Price effective from Koha item type Public note
    Dewey Decimal Classification     Periodicals UM Digos College - LIC UM Digos College - LIC 11/29/2016   DPer 330.5 P53 June-Dec 2014 v. 51, no. 1 & 2 11/29/2016 11/29/2016 Periodicals Periodical article